10 Most Receiving Yards in a Season That Did Not Lead League - Statistics

General Stats
  • This quiz has been taken 15 times
  • The average score is 7 of 10
Answer Stats
Yards Team Year Player % Correct
1,834 PIT 2015 Antonio Brown
100%
1,632 MIN 2003 Randy Moss
100%
1,749 DAL 2023 Ceedee Lamb
93%
1,710 MIA 2022 Tyreek Hill
93%
1,616 MIN 2021 Justin Jefferson
80%
1,603 DAL 1995 Michael Irvin
73%
1,781 STL 1995 Isaac Bruce
67%
1,619 DEN 2014 Demaryius Thomas
60%
1,636 JAX 1999 Jimmy Smith
53%
1,686 DET 1995 Herman Moore
27%
No matching quizzes found
Score Distribution
Percent of People with Each Score
Percentile by Number Answered
Your Score History
You have not taken this quiz